• 首页
  • 本馆介绍
  • 公告通知
  • 最新文献
  • 馆藏检索
  • 电子资源
  • 读者导购
  • 参考咨询
  • 我的图书馆
  • 登录
  • 详细信息显示
  • 放入我的书架
  • 预约/预借图书
  • 作者相关作品
  • 分类相关作品
  • 丛书相关作品
  • 出版社相关作品

书目信息

  • 表格格式
  • 工作单格式
  • 卡片格式
题名:
币缘论
    
 
作者: 王湘穗 著
分册:  
出版信息: 北京   中信出版社  2017
页数: 527页
开本: 26cm
丛书名: 中国道路丛书
单 册:
中图分类: F821.9 , F822.9
科图分类:
主题词: 货币--Huo Bi--国际关系--金融关系--研究--世界 , 货币史--Huo Bi Shi--思想史--研究--中国
电子资源:
ISBN: 978-7-5086-7231-1
000 01475cam 2200337 45
001 012001003447
005 20140926114740.0
010    @a978-7-5086-7231-1@b精装@dCNY78.00
100    @a20180810d2017 em y0chiy50 ea
101 0  @achi
102    @aCN@b110000
105    @ay z 000yy
106    @ar
200 1  @a币缘论@9Bi Yuan Lun@e货币政治的演化@f王湘穗著
210    @a北京@c中信出版社@d2017
215    @a527页@d26cm
225 2  @a中国道路丛书@9Zhong Guo Dao Lu Cong Shu@i学术
300    @a中信改革发展研究基金会
300    @a其他题名:货币政治的演化
330    @a币缘,是指以货币为媒介而形成的社会关系。进入现代资本主义体系之后,币缘演变为国家之间围绕国际货币体系而产生的政治关系。全球化时代,币缘是维系国际社会的重要纽带,成为左右全球局势的杠杆,充当着世界旧秩序向全球新体系过渡的中介。作者第一次系统地提出了以币缘为核心的一系列新概念,建立了币缘政治的理论框架;同时,全面论述银本位、金本位、美元本位以及全球金融化时代的币缘政治演变,创新性地提出建立合作优先、多元共生的世界体系的建议。称币缘政治学说的开山之作。
333    @a政治经济学专业研究人员
410  0 @12001 @a中国道路丛书@i学术
462  0 @12001 @a学术
517 1  @a货币政治的演化@9Huo Bi Zheng Zhi De Yan Hua
606 0  @a货币@9Huo Bi@x国际关系@x金融关系@x研究@y世界
606 0  @a货币史@9Huo Bi Shi@x思想史@x研究@y中国
690    @aF821.9@v5
690    @aF822.9@v5
701  0 @a王湘穗@9Wang Xiang Sui@4著
801  0 @aCN@b上海新华@c20180901
905    @b1159605-9@dF821.9@e90@f5
    
    币缘论:货币政治的演化/王湘穗著.-北京:中信出版社,2017
    527页;26cm.-(中国道路丛书.学术)
    中信改革发展研究基金会.-其他题名:货币政治的演化.-使用对象:政治经济学专业研究人员
    
    ISBN 978-7-5086-7231-1(精装):CNY78.00
    币缘,是指以货币为媒介而形成的社会关系。进入现代资本主义体系之后,币缘演变为国家之间围绕国际货币体系而产生的政治关系。全球化时代,币缘是维系国际社会的重要纽带,成为左右全球局势的杠杆,充当着世界旧秩序向全球新体系过渡的中介。作者第一次系统地提出了以币缘为核心的一系列新概念,建立了币缘政治的理论框架;同时,全面论述银本位、金本位、美元本位以及全球金融化时代的币缘政治演变,创新性地提出建立合作优先、多元共生的世界体系的建议。称币缘政治学说的开山之作。
●
相关链接 在E读中查询图书 在五车中查询图书 在当当中查询图书 在豆瓣中查询图书


正题名:币缘论     索取号:F821.9/90         预约/预借

序号 登录号 条形码 馆藏地/架位号 状态 备注
1 1159605   211596058   第一样本阅览室/ [索取号:F821.9/90] 在馆    
2 1159606   211596067   第一借阅区/ [索取号:F821.9/90] 在馆    
3 1159607   211596076   第一借阅区/ [索取号:F821.9/90] 在馆    
4 1159608   211596085   第一借阅区/ [索取号:F821.9/90] 在馆    
5 1159609   211596094   密集书库—史法系/ [索取号:F821.9/90] 在馆    
唐山师范学院图书馆 欢迎您!
大连网信软件有限公司© 版权所有